| 000 | 01295nam a2200301 i 4500 | ||
|---|---|---|---|
| 001 | 106813 | ||
| 003 | ES-MaACL | ||
| 005 | 20250812220207.0 | ||
| 007 | t| | ||
| 008 | 061229s1960 sp ||||1| spa d | ||
| 080 | _a738(467.31)(083.824) | ||
| 245 | 0 | 0 |
_aCerámica valenciana : _bde los testares de Paterna a los platos de Picasso : selección del Museo Nacional de Cerámica, Valencia : [exposición, Ateneo de Madrid, febrero de 1960] / _c[texto, Manuel González Martí]. |
| 260 |
_aMadrid : _bAteneo de Madrid, _c1960. |
||
| 300 |
_a[40] p. : _bprincipalmente il. ; _c18 cm. |
||
| 490 | 1 |
_aCuadernos de arte. Colección extraordinaria ; _v6 |
|
| 610 | 2 | 4 |
_aAteneo de Madrid- _vExposiciones- _y1960-1969. _91920 |
| 650 | 4 |
_aCerámica- _zComunidad Valenciana- _vExposiciones. _910893 |
|
| 655 | 7 |
_2tgfbne _9193628 _aCatálogos de exposiciones |
|
| 700 | 1 |
_aGonzález Martí, Manuel, _d1877-1972 _958787 |
|
| 710 | 2 |
_aAteneo de Madrid. _bSala de Santa Catalina. _91964 |
|
| 710 | 2 |
_aMuseo Nacional de Cerámica y Artes Suntuarias González Martí. _95896 |
|
| 710 | 2 |
_aAteneo de Madrid. _91875 |
|
| 830 | 1 |
_aCuadernos de arte. Colección extraordinaria ; _v6 _9185320 |
|
| 852 |
_aES-MaACL _j2212-F-6; |
||
| 852 |
_aES-MaACL _j2255-F-10. |
||
| 942 | _2udc | ||
| 999 |
_c106813 _d106813 |
||